000 00510nam a2200193Ia 4500
003 OSt
005 20240605122957.0
008 210210b1992 xxu||||| |||| 00| 0 eng d
040 _cAL
041 _aKannada
082 _aK894.3 VAIA
100 _aVAIDEHI.
_dವೈದೇಹಿ
_9169383
245 _aAsprashyaru.
_b ಅಸ್ಪ್ರಶ್ಯರು
260 _aMaisuru
_bNavakarnataka Prakashana
_c1992
300 _aviii,148
690 _aKannada Fiction
_9169384
906 _a049013
942 _2ddc
_cBK
999 _c97753
_d97753